| 000 | 01222nam a22002297a 4500 | ||
|---|---|---|---|
| 005 | 20120614170415.0 | ||
| 008 | 081007t xxu||||| |||| 00| 0 mar d | ||
| 010 | _aMAR-22493 | ||
| 020 |
_c150.00 _a89634909 |
||
| 035 | _aMR-15151 | ||
| 037 | _bD.B.Act /pub | ||
| 082 | _a294.55 | ||
| 100 |
_949115 _aकुलकर्णी,म.रा. |
||
| 245 |
_aज्ञानेश्र्वरीतील अर्थविचार / _cम.रा.कुलकर्णी _hज्ञानेक्श्र्वरीचा आर्थिक-सामाजिक अभ्यास |
||
| 246 | _bby | ||
| 260 |
_aपूणे _bस्नेहवर्धन प्रकाशन _c2011 |
||
| 270 |
_bपूणे _aस्नेहवर्धन,863, सदाशिव पेठ,महात्मा फूले सभागृहामागे, _e411030 _k24472549, 24436961 _msnehvardhan@vsnl.net |
||
| 300 | 2 |
_a160पृ. _c22सेमी(अजिल्द) |
|
| 711 | _951893 | ||
| 942 |
_2ddc _cMR _mकुलक _h294.55 |
||
| 999 |
_c69605 _d69605 |
||